Preparation and properties of novel thermoplastic elastomers derived from triazinedithiols (Record no. 65573)

MARC details
000 -LEADER
fixed length control field 00469nam a2200145Ia 4500
100 ## - MAIN ENTRY--AUTHOR NAME
Personal name Oishi Y
245 #0 - TITLE STATEMENT
Title Preparation and properties of novel thermoplastic elastomers derived from triazinedithiols
260 ## - PUBLICATION, DISTRIBUTION, ETC. (IMPRINT)
Name of publisher Proceedings of the International Rubber Conference, Kobe, Japan, 1995; p515-518
650 ## - SUBJECT ADDED ENTRY--TOPICAL TERM
Topical Term Thermoplastic elastomers
700 ## - ADDED ENTRY--PERSONAL NAME
Personal name Hirahara H
700 ## - ADDED ENTRY--PERSONAL NAME
Personal name Kim J J
700 ## - ADDED ENTRY--PERSONAL NAME
Personal name Mori K
942 ## - ADDED ENTRY ELEMENTS (KOHA)
Koha item type Journals
Holdings
Withdrawn status Lost status Damaged status Not for loan Home library Current library Shelving location Date acquired Koha item type
      Journals RRII Library RRII Library Rubber chemistry 17/12/2021 Journals